000 00387nam a2200169Ia 4500
008 210210b1919 xxu||||| |||| 00| 0 eng d
041 _aeng
082 _a829/1267
100 _aWODEHOUSE (P G)
245 _aDamsel in distress
260 _aLondon
_bNot Mentioned
_c1919
650 _ain
650 _adistress
650 _aDamsel
690 _aEnglish Fiction
906 _a017877
999 _c118741
_d118741